00597cam a22001932 4500001001100000005001700011008004100028020001700069040001500086100003100101245006400132250001400196260003100210300001900241650005100260650005100311700003800362852000300400000001995520151217145921.0110325s xx 000 0 eng d a0199219735 : aKABUcKABU1 aWade, William.@000016015210aAdministrative law /cWilliam Wade and Christopher Forsyth. a10th ed. aOxford :bO. U. P.,c2009. alxxxix,898 p. 0aAdministrative lawzGreat Britain.@0000160153 0aConstitutional LawzGreat Britain.@00001601541 aForsyth, Christopher.@00001601551